| 000 | 01582cam a2200289 4500 | ||
|---|---|---|---|
| 001 | 7760 | ||
| 005 | 20181127184314.0 | ||
| 008 | 140903s2015 ii a b 001 0 eng | ||
| 010 | _a 2014035031 | ||
| 020 | _a9789351500506 (cloth : alk. paper) | ||
| 082 | 0 | 0 |
_a079.54 _223 |
| 100 | 1 | _aRodrigues, Usha M. | |
| 245 | 1 | 0 |
_aIndian news media : _bfrom observer to participant / _cUsha M. Rodrigues, Maya Ranganathan. |
| 264 | 1 |
_aNew Delhi ; _aThousand Oaks, California : _bSAGE, _c2015. |
|
| 300 |
_axiv, 240 pages : _billustrations ; _c23 cm |
||
| 336 |
_atext _2rdacontent |
||
| 337 |
_aunmediated _2rdamedia |
||
| 338 |
_avolume _2rdacarrier |
||
| 504 | _aIncludes bibliographical references and index. | ||
| 505 | 0 | _aIntroduction: Indian news media in a globalised era / Usha M. Rodrigues -- Television politics: evolution of Sun TV in the South / Maya Ranganathan -- Sting journalism: a sign of the times / Maya Ranganathan -- 24-hour news and terror: did media cross the line? / Usha M. Rodrigues -- Paid news: cocktail of media, business and politics / Maya Ranganathan -- Anna's movement: social media sets traditional media's agenda / Usha M. Rodrigues -- The mediated nation in the age of globalisation / Maya Ranganathan -- News media's role in a transitioning society / Usha M. Rodrigues. | |
| 650 | 0 |
_aJournalism _zIndia _xHistory _y20th century. |
|
| 650 | 0 |
_aJournalism _zIndia _xHistory _y21st century. |
|
| 650 | 0 |
_aMass media _zIndia. |
|
| 650 | 0 |
_aPress _zIndia _xHistory _y20th century. |
|
| 650 | 0 |
_aPress _zIndia _xHistory _y21st century. |
|
| 700 | 1 | _aRanganathan, Maya. | |
| 999 |
_c6659 _d6659 |
||